The Peter Norton programmer's guide to the IBM PC
Gorde:
| Egile nagusia: | |
|---|---|
| Formatua: | Liburua |
| Hizkuntza: | Undetermined |
| Argitaratua: |
Bellevue, Wash.
Microsoft Corp.
1985
|
| Gaiak: | |
| Etiketak: |
Etiketa erantsi
Etiketarik gabe, Izan zaitez lehena erregistro honi etiketa jartzen!
|
| Thư viện lưu trữ: | Trung tâm Học liệu Trường Đại học Cần Thơ |
|---|
| LEADER | 00526nam a2200193Ia 4500 | ||
|---|---|---|---|
| 001 | CTU_96316 | ||
| 008 | 210402s9999 xx 000 0 und d | ||
| 082 | |a 001.64 | ||
| 082 | |b N886 | ||
| 100 | |a Norton, Peter | ||
| 245 | 4 | |a The Peter Norton programmer's guide to the IBM PC | |
| 245 | 0 | |c Peter Norton | |
| 260 | |a Bellevue, Wash. | ||
| 260 | |b Microsoft Corp. | ||
| 260 | |c 1985 | ||
| 650 | |a IBM personal computer | ||
| 650 | |x Programming | ||
| 904 | |i Năm | ||
| 980 | |a Trung tâm Học liệu Trường Đại học Cần Thơ | ||